[Event "WSCC 65 Open 2017"]
[Site "?"]
[Date "2017.11.09"]
[Round "3"]
[White "Vaisser, Anatoly"]
[Black "Singer, Hans"]
[Result "1-0"]
[WhiteElo "2503"]
[BlackElo "2174"]
[Annotator "TA"]
[PlyCount "123"]
[EventDate "2017.??.??"]
[EventType "swiss"]
[EventCountry "ITA"]
[SourceTitle "Acqui Terme"]

{[%evp 14,123,41,8,14,13,21,20,95,83,147,47,42,43,49,49,49,49,49,49,48,17,28,0,20,37,5,0,4,0,0,0,96,0,10,0,0,-56,-53,-66,-75,-106,-65,-72,0,0,0,0,25,24,30,20,41,0,0,-2,-7,-7,0,-5,27,33,27,0,0,0,0,0,0,0,0,0,0,0,0,0,0,0,0,0,136,12,131,122,111,107,112,52,46,43,50,55,74,81,238,202,333,328,277,193,564,537,489,475,465,441,442,448,388,277,1816,1459]} 1. d4 d5 2. c4 e6 3. Nc3 Nf6 4. cxd5 exd5 5. Bg5 Be7 6. e3 Nbd7 7. Bd3 Nf8 8. Nge2 Ne6 {D35: Queen's Gambit Declined: Exchange Variation} 9. Bh4 O-O 10. O-O b6 (10... g6 $11) (10... c6 11. b4 g5 12. Bg3 Bxb4 13. Qc2 Re8 14. f3 h6 15. Rad1 Bf8 16. Be5 {½-½ (33) Sjugirov,S (2653)-Abasov,N (2552) Baku 2016}) 11. Qc2 $16 g6 (11... c6 $142) 12. b4 $146 (12. Bxf6 $1 $16 Bxf6 13. Nxd5 $1 {[%mdl 512]}) ({Predecessor:} 12. Rab1 Bb7 13. b4 c6 14. a4 a5 15. bxa5 Rxa5 {1-0 (53) Marn,J (2022)-Subelj,J (2210) Ptuj 2017}) 12... Bb7 $14 13. b5 a6 14. a4 axb5 15. axb5 Qd7 16. Qb3 Rfd8 17. Bxf6 Bxf6 18. Na2 {[%cal Bc3a2,Ba2b4,Bb4a6][%mdl 32]} Be7 19. Nb4 Qd6 20. Na6 Ra7 21. Ra2 Rda8 $36 {[%mdl 2048] Black has some pressure.} 22. Rfa1 Kg7 {[#]} (22... h5 $11 {remains equal.}) 23. Nc3 (23. Nxc7 $1 $16 {[%mdl 512]} Rxa2 (23... Qxc7 24. Rxa7) 24. Nxe6+ fxe6 25. Rxa2) 23... h5 24. Be2 Ng5 {[%cal Be6g5,Bg5h7,Bh7f6][%mdl 32]} 25. f4 ({White should try} 25. h4 $11 Nh7 26. Bf3) 25... Nh7 $1 $15 26. Bf3 {[%cal Rc3d5]} Nf6 27. g3 Rd8 28. Rc1 Qe6 (28... Rc8 $17) 29. Nd1 $11 Bxa6 30. Rxa6 Rb7 {[%cal Ba7b7,Bb7b8,Bb8h8][%mdl 32]} 31. Nf2 Bd6 32. Re1 Re8 33. Nd1 h4 {aiming for ...hxg3.} 34. Nf2 hxg3 35. hxg3 Rbb8 36. Re2 Ne4 (36... Rh8 {looks sharper.} 37. Raa2 Rbe8 38. Kg2 Rh6 39. Kg1 Rh7) 37. Bxe4 dxe4 38. Qxe6 (38. d5 {keeps more tension.} Qf5 39. g4 Qd7 40. g5 Rbd8 41. Re1) 38... Rxe6 39. Nd1 Rh8 40. Nc3 Ree8 41. Rh2 Rxh2 42. Kxh2 {[%mdl 4096] Endgame KRB-KRN} f5 43. Nd5 Kh6 44. Ra2 g5 45. Kg2 Rd8 46. Rc2 Bxf4 (46... Ra8 $11) 47. Ne7 (47. Nxf4 $6 gxf4 48. gxf4 Rd5 $11) (47. Rc6+ $1 $16 Bd6 48. g4 (48. Nxc7 Kh5 $16)) 47... Rd7 (47... Bd6 $11 {keeps the balance.} 48. Nxf5+ Kh5) 48. Nxf5+ $16 Kg6 49. g4 ({Reject} 49. gxf4 $6 Kxf5 50. fxg5 Kxg5 $11) 49... Bd6 50. Nxd6 (50. Rc1 $1 $16) 50... cxd6 {KR-KR} 51. Rc6 Kf6 52. Rxb6 Ke6 {[#]} 53. Rb8 $1 Ra7 $2 (53... Rg7 $16 {keeps fighting.}) 54. b6 $18 Ra2+ (54... Rg7 {was called for.} 55. Re8+ (55. b7 Kd5 $16) 55... Kd5) 55. Kg3 Rb2 56. Rg8 Rxb6 $2 (56... Kf6 {is a better chance.} 57. Rf8+ Kg7) 57. Rxg5 Rb1 {intending ...Rf1.} 58. Kf4 d5 59. Re5+ Kd6 {[#]} 60. g5 $1 {[%cal Bg4g5,Bg5g6][%mdl 32]} Rf1+ 61. Kg4 {Threatens to win with g6.} Rf3 $2 (61... Rg1+ 62. Kh4 Rh1+ 63. Kg3 Rg1+ 64. Kh2 Rg4) 62. g6 {Precision: White = 57%, Black = 41%.} 1-0

[Event "WSCC 65 Open 2017"]
[Site "?"]
[Date "2017.11.09"]
[Round "3"]
[White "Torre, Eugenio"]
[Black "Malisov, Boris"]
[Result "0-1"]
[WhiteElo "2465"]
[BlackElo "2240"]
[Annotator "TA"]
[PlyCount "102"]
[EventDate "2017.??.??"]
[EventType "swiss"]
[EventCountry "ITA"]
[SourceTitle "Acqui Terme"]

{[%evp 13,102,0,0,-4,0,0,4,-7,0,0,0,0,0,0,0,0,0,0,26,0,14,7,14,10,17,0,17,0,0,0,14,17,24,19,34,37,37,28,23,34,34,0,31,28,16,-29,0,-51,-58,-85,-54,-69,-14,-125,-127,-115,-122,-212,-212,-197,0,-118,0,-172,-56,-54,-56,-249,-257,-1189,-241,-191,0,-1180,-1180,-29980,-29981,-29981,-29982,-29982,-29983,-29983,-29984,-29984,-29983,-29983,-29984,-29990,-29991,-29991,-29992]} 1. d4 c5 2. c3 Nf6 3. Nf3 g6 4. Bg5 Bg7 5. Nbd2 cxd4 6. cxd4 O-O 7. e3 {A48: Königsindisch (ohne c2-c4)} Nc6 {LiveBook: 18 Partien} 8. a3 (8. Bd3 d5 9. Qb3 Qb6 10. Rc1 Be6 11. Qxb6 axb6 12. a3 Rfc8 13. Ke2 Na5 14. Bb5 Kf8 15. Ne5 Ne4 16. Nxe4 Bxe5 {½-½ (45) Vachier Lagrave,M (2722)-Gelfand,B (2739) Paris/St Petersburg 2013}) 8... d6 9. Be2 {Die Stellung ist ausgeglichen.} h6 10. Bh4 Bf5 $146 ({Vorgänger:} 10... a5 11. O-O Bf5 12. Bxf6 Bxf6 13. d5 Ne5 14. Nd4 Rc8 15. Nxf5 gxf5 {1-0 (42) Cardona Costa,J (2077)-Cotura Vidal,L (1883) ICCF email 2012}) 11. O-O Rc8 12. Rc1 a6 13. h3 g5 14. Bg3 Na7 15. Qb3 b5 16. Bd3 Be6 17. Qd1 Rxc1 18. Qxc1 Qb6 19. Qb1 Rc8 20. Rc1 Rxc1+ 21. Qxc1 Nc6 22. Qc2 Bd7 23. Ne4 b4 24. Nxf6+ Bxf6 25. Qc4 bxa3 26. bxa3 a5 27. d5 Ne5 28. Bxe5 Bxe5 29. g4 Bg7 30. h4 (30. Bc2 $11) 30... Qc5 $15 31. Qe4 Qxa3 32. hxg5 hxg5 (32... Kf8 $15 33. gxh6 Bxh6) 33. Nxg5 (33. Qxe7 $11 Qxd3 34. Qxd7) 33... Qa1+ $17 34. Kg2 Qe5 35. Qh7+ (35. Qxe5 $17 {war die einzige Chance.} Bxe5 36. Nf3) 35... Kf8 $19 36. Qh5 {[%csl Gg5][%cal Rh5f7]} Be8 $2 (36... Qxd5+ $19 37. Kg3 Qb3 38. Nh7+ Kg8) 37. e4 {[#]} (37. Kg1 $11 {bleibt in der Remisbreite.}) 37... Qb2 (37... Qf4 $1 $17 {...Ld7 ist eine echte Drohung.} 38. Nh3 (38. Nh7+ Kg8 $17) 38... Qh6 39. Qxh6 Bxh6) 38. Qh4 $2 (38. Ba6 $1 $11 {und Weiss steht sicher.}) 38... a4 (38... Qd2 $19 39. Ba6 Bd7) 39. Nh7+ $15 Kg8 {Droht ...Dd4 und aus.} 40. Ng5 $2 ({Der einzige Zug:} 40. Qxe7 $15 Qe5 41. Qxe5 Bxe5 42. Ng5) 40... a3 $19 {Und weiter mit ...a2 wäre nett.} 41. Qh7+ Kf8 42. Qf5 a2 $2 (42... Bf6 $19 43. Nh7+ Kg7) 43. Qc8 $2 {[%mdl 8192]} (43. Ne6+ $11 Kg8 {[#]} 44. e5 $1 {[%mdl 512]} fxe6 45. Qxe6+ Bf7 46. Qc8+ Bf8 47. Qf5 Bxd5+ 48. Kh3) 43... Bd4 44. Bc2 a1=Q {Schwarz setzt Matt.} 45. Nh7+ Kg7 46. Qxe8 Qxc2 47. Qf8+ Kg6 48. Qg8+ Bg7 49. Nf8+ Kg5 50. Nh7+ Kf4 51. Qxf7+ Bf6 {Precision: Weiß = 30%, Schwarz = 58%.} 0-1

[Event "WSCC 65 Open 2017"]
[Site "?"]
[Date "2017.11.09"]
[Round "3"]
[White "Balashov, Yuri S"]
[Black "Frick, Christoph"]
[Result "1/2-1/2"]
[WhiteElo "2437"]
[BlackElo "2230"]
[Annotator "TA"]
[PlyCount "118"]
[EventDate "2017.??.??"]
[EventType "swiss"]
[EventCountry "ITA"]
[SourceTitle "Acqui Terme"]

{[%evp 20,118,62,53,64,34,29,30,90,63,63,35,63,54,74,50,41,32,35,28,24,28,54,41,43,39,31,33,64,70,64,76,63,63,70,60,90,90,74,79,108,112,107,90,104,93,93,93,93,93,92,100,177,180,162,116,104,61,73,73,137,127,212,110,119,93,222,183,231,99,101,72,96,26,26,26,26,26,26,26,26,26,26,26,26,26,26,26,26,26,26,26,72,72,72,72,72,72,72,72,116]} 1. e4 c6 2. Nf3 d5 3. Nc3 Bg4 4. h3 Bxf3 5. Qxf3 e6 6. d4 Nf6 7. Bd3 dxe4 8. Nxe4 Nxe4 {B11: Caro-Kann: Two Knights Variation} (8... Qxd4 9. c3 Qd8 10. O-O Nxe4 11. Bxe4 Bd6 12. Rd1 Qc7 13. Qd3 Be5 14. Bxh7 Nd7 15. Be4 O-O-O 16. Qf3 {½-½ (44) Mamedov,R (2655)-Eljanov,P (2765) Shamkir 2016}) 9. Qxe4 Qd5 10. Qe3 Nd7 11. O-O {LiveBook: 4 Games} Nf6 12. c3 $146 ({Predecessor:} 12. c4 Qd7 13. Rd1 Be7 14. Be2 O-O 15. Qb3 Qc7 16. Bf3 {1-0 (39) Salgado Lopez,I (2606)-Akesson,R (2441) Caleta 2013}) 12... Bd6 13. c4 Qh5 (13... Qa5 $1 $11) 14. Bd2 O-O 15. Bc3 c5 16. dxc5 Qxc5 17. Qxc5 (17. Qe2 {is more complex.} Rfd8 18. Rad1 a5 19. Rfe1 b6 20. a3) 17... Bxc5 18. b4 Be7 19. Rfd1 Rfd8 20. a3 Rd7 21. Kf1 Rad8 22. Bc2 Rxd1+ 23. Rxd1 Rxd1+ 24. Bxd1 $14 {[%mdl 4096] Endgame KBB-KBN} Ne4 25. Be1 b6 26. Ke2 f5 27. f3 Nd6 28. Bb3 {And now c5 would win.} Kf7 29. Kd3 Nb7 30. Ba4 Bd6 31. Bh4 {Bc6 is the strong threat.} h6 32. Bc6 g5 33. Bf2 Nd8 34. Bb5 Ke7 35. c5 Bc7 (35... bxc5 $16 {was necessary.} 36. bxc5 (36. Bxc5 Bxc5 37. bxc5 e5 $14) 36... Be5) 36. Kc4 $1 $18 Nf7 37. Ba6 Kd7 38. Kb5 {[%cal Rc5b6]} bxc5 39. bxc5 {[%cal Bb4c5,Bc5c6][%mdl 32] Black must now prevent c6+.} Bb8 (39... Nd8 $142) 40. c6+ $16 Kd6 {[#]} (40... Kc7 $16) 41. Bb7 (41. Bc8 $1 $18) 41... Kc7 42. Bd4 e5 (42... Nd6+ $16 {is a better defense.} 43. Ka6 Nf7) 43. Bc3 $18 Nd6+ {[#]} 44. Ka6 (44. Kc5 $1 $18 {[%cal Rc3a5] is the precise move to win.} Nxb7+ 45. cxb7) 44... Nc4 $16 45. g4 e4 46. fxe4 (46. gxf5 $16 exf3 47. Be1) 46... fxe4 $11 47. Kb5 Nd6+ 48. Kc5 {[%cal Rc3a5]} Nxb7+ 49. cxb7 {KB-KB} e3 $1 ({Much weaker is} 49... Kxb7 $6 50. Kd4 $16) 50. Kd4 e2 51. Kd3 Kxb7 52. Kxe2 {Strongly threatening Bg7.} Bd6 53. a4 {Hoping for Kd3.} Kc6 54. Kd3 Kd5 55. Bg7 a6 56. Bxh6 {White is better.} Be7 57. Bg7 Bd8 58. Bd4 Be7 59. Bb6 Ke5 {Precision: White = 63%, Black = 57%.} 1/2-1/2

[Event "WSCC 65 Open 2017"]
[Site "?"]
[Date "2017.11.09"]
[Round "3"]
[White "Jansa, Vlastimil"]
[Black "Harestad, Thor Geir"]
[Result "1-0"]
[WhiteElo "2425"]
[BlackElo "2205"]
[Annotator "TA"]
[PlyCount "50"]
[EventDate "2017.??.??"]
[EventType "swiss"]
[EventCountry "ITA"]
[SourceTitle "Acqui Terme"]

{[%evp 15,50,20,66,49,49,50,53,53,77,59,60,63,67,39,43,36,40,50,84,39,573,573,573,557,1831,579,1020,715,1483,1006,1241,1183,1314,1311,1307,1281,1275]} 1. e4 c5 2. Nf3 e6 3. g3 Nc6 4. Bg2 Nf6 5. Qe2 d6 6. O-O Be7 7. c3 O-O {C00: French: Unusual White 2nd moves} 8. d4 Qc7 {LiveBook: 3 Games} (8... cxd4 9. cxd4 d5 10. e5 Ne4 11. Rd1 Bd7 12. Be3 Qe8 13. Ne1 f6 14. exf6 Bxf6 15. Nc3 {1-0 (83) Gharamian,T (2616)-Bauer,C (2650) Agen 2017}) 9. dxc5 dxc5 {White is slightly better.} 10. e5 Nd7 {[%cal Rc6e5]} 11. Bf4 Rb8 $146 12. Na3 {[%cal Bb1a3,Ba3c4,Bc4e3,Be3g4,Bg4f6][%mdl 32]} a6 13. Nc4 b5 14. Ne3 Nb6 15. Rad1 Bb7 16. Ng4 {Nf6+! is the strong threat.} Qc8 17. Ng5 {Strongly threatening Nf6+!} Qe8 $2 {[%mdl 8192] [#]} (17... Nd5 $1 $14) 18. Nf6+ $1 $18 {[%mdl 512] White is clearly winning.} Bxf6 19. exf6 e5 {and the idea ...g6 leaves Black hopeful.} 20. Be3 (20. Qh5 $142 {[%csl Gg5][%cal Rh5h7]} h6 21. fxg7 Kxg7 22. Rd6 Rh8 {[#]} 23. Nxf7 $1 {[%mdl 512]} Qxf7 24. Bxh6+ Rxh6 25. Qxh6+ Kg8 26. Rg6+ Qxg6 27. Qxg6+ Kf8 28. Rd1) 20... Nd7 21. Rd6 h6 22. Ne4 Nd4 23. cxd4 exd4 24. fxg7 Bxe4 25. gxf8=Q+ Nxf8 {Precision: White = 68%, Black = 36%.} 1-0

[Event "WSCC 65 Open 2017"]
[Site "?"]
[Date "2017.11.09"]
[Round "3"]
[White "Komljenovic, Davorin"]
[Black "Hartung-Nielsen, Jens"]
[Result "1-0"]
[WhiteElo "2379"]
[BlackElo "2204"]
[PlyCount "109"]
[EventDate "2017.??.??"]
[EventType "swiss"]
[EventCountry "ITA"]
[SourceTitle "Acqui Terme"]
[TimeControl "40/5400+30:1800+30"]
[WhiteClock "0:37:07"]
[BlackClock "0:21:50"]

1. d4 {[%emt 0:01:38]} Nf6 {[%emt 0:00:12]} 2. c4 {[%emt 0:00:07]} e6 {[%emt 0:00:07]} 3. Nc3 {[%emt 0:00:17]} Bb4 {[%emt 0:00:08]} 4. Qc2 {[%emt 0:00:04]} d5 {[%emt 0:00:08]} 5. cxd5 {[%emt 0:07:42]} exd5 {[%emt 0:00:08]} 6. Bg5 {[%emt 0:04:35]} h6 {[%emt 0:00:25]} 7. Bxf6 {[%emt 0:00:21]} Qxf6 {[%emt 0:00:06]} 8. e3 {[%emt 0:00:07]} O-O {[%emt 0:01:15]} 9. Nf3 {[%emt 0:00:45]} c5 {[%emt 0:03:15]} 10. a3 {[%emt 0:06:51]} Bxc3+ {[%emt 0:01:14]} 11. Qxc3 {[%emt 0:00:44]} b6 {[%emt 0:12:29]} 12. dxc5 {[%emt 0:25:22]} Qxc3+ {[%emt 0:00:07]} 13. bxc3 {[%emt 0:00:02]} bxc5 {[%emt 0:00:10]} 14. Rd1 {[%emt 0:00:04]} Be6 {[%emt 0:03:59]} 15. Ne5 {[%emt 0:05:53]} Rd8 {[%emt 0:04:18]} 16. Bb5 {[%emt 0:12:53]} a6 {[%emt 0:02:09]} 17. Ba4 {[%emt 0:00:02]} Ra7 {[%emt 0:15:08]} 18. O-O {[%emt 0:02:41]} f6 {[%emt 0:10:22]} 19. Nd3 {[%emt 0:05:35]} Bf7 {[%emt 0:03:06]} 20. Nf4 {[%emt 0:07:11]} g5 {[%emt 0:00:55]} 21. Ne2 {[%emt 0:00:11]} Nd7 {[%emt 0:04:10]} 22. Ng3 {[%emt 0:01:53]} Be6 {[%emt 0:03:59]} 23. e4 {[%emt 0:04:15]} Nb6 {[%emt 0:01:57]} 24. exd5 {[%emt 0:01:59]} Rxd5 {[%emt 0:05:37]} 25. Ne4 {[%emt 0:00:23]} Kf7 {[%emt 0:02:28]} 26. Bc2 {[%emt 0:02:22]} Nc4 {[%emt 0:08:59]} 27. Rxd5 {[%emt 0:04:00]} Bxd5 {[%emt 0:00:06]} 28. Bb3 {[%emt 0:00:17]} Bxe4 {[%emt 0:00:10]} 29. Bxc4+ {[%emt 0:00:06]} Kg6 {[%emt 0:00:27]} 30. Re1 {[%emt 0:00:18]} Bc6 {[%emt 0:02:02]} 31. Re6 {[%emt 0:02:05]} Bb5 {[%emt 0:00:19]} 32. Bd5 {[%emt 0:00:06]} c4 {[%emt 0:03:25]} 33. g4 {[%emt 0:01:16]} Rd7 {[%emt 0:00:35]} 34. Be4+ {[%emt 0:00:09]} Kf7 {[%emt 0:00:30]} 35. Rb6 {[%emt 0:00:03]} Rd1+ {[%emt 0:01:46]} 36. Kg2 {[%emt 0:00:03]} Rc1 {[%emt 0:01:11]} 37. Bd5+ Kg7 {[%emt 0:04:27]} 38. Rb7+ {[%emt 0:00:52]} Kh8 {[%emt 0:00:19]} 39. Rf7 {[%emt 0:00:18]} Rxc3 {[%emt 0:00:22]} 40. Rxf6 {[%emt 0:01:02]} Kg7 {[%emt 0:30:57]} 41. Rf7+ {[%emt 0:30:29]} Kh8 {[%emt 0:02:56]} 42. Be4 {[%emt 0:02:03]} Kg8 {[%emt 0:00:27]} 43. Rf6 {[%emt 0:00:05]} Rxa3 {[%emt 0:03:25]} 44. Rxh6 {[%emt 0:00:04]} Be8 {[%emt 0:00:55]} 45. Re6 {[%emt 0:00:22]} Bd7 {[%emt 0:00:00]} 46. Rg6+ {[%emt 0:00:00]} Kf7 {[%emt 0:00:00]} 47. Rxg5 {[%emt 0:00:00]} c3 {[%emt 0:00:00]} 48. f3 {[%emt 0:00:00]} Ra2+ {[%emt 0:00:00]} 49. Kg3 {[%emt 0:00:00]} Ra1 {[%emt 0:00:00]} 50. h4 {[%emt 0:00:00]} a5 {[%emt 0:00:00]} 51. Rc5 {[%emt 0:00:00]} a4 {[%emt 0:00:00]} 52. Rxc3 {[%emt 0:00:00]} a3 {[%emt 0:00:00]} 53. Bd5+ {[%emt 0:00:00]} Ke7 {[%emt 0:00:00]} 54. Kf4 {[%emt 0:00:00]} Kd6 {[%emt 0:00:00]} 55. Bg8 {[%emt 0:00:00] Kd5 Ke4+} 1-0

[Event "WSCC 65 Open 2017"]
[Site "?"]
[Date "2017.11.09"]
[Round "3"]
[White "Renman, Nils-Gustaf"]
[Black "Haubt, Georg"]
[Result "1-0"]
[WhiteElo "2368"]
[BlackElo "2195"]
[PlyCount "67"]
[EventDate "2017.??.??"]
[EventType "swiss"]
[EventCountry "ITA"]
[SourceTitle "Acqui Terme"]
[TimeControl "40/5400+30:1800+30"]

1. d4 d5 2. Nf3 Nc6 3. e3 Bg4 4. Be2 Nf6 5. c4 e6 6. h3 Bh5 7. Qb3 Bb4+ 8. Nc3 dxc4 9. Qxc4 O-O 10. O-O Re8 11. Rd1 Qe7 12. Bd2 a6 13. a3 Bxc3 14. Bxc3 Ne4 15. Be1 Rad8 16. Rac1 Ng5 17. Nxg5 Bxe2 18. Qxe2 Qxg5 19. Rc4 Rd7 20. Rdc1 Qd8 21. Rxc6 bxc6 22. Qxa6 e5 23. Bc3 e4 24. Bb4 f5 25. Qxc6 f4 26. Rc5 fxe3 27. fxe3 Rf7 28. Rd5 Qc8 29. Re5 Rxe5 30. dxe5 h6 31. e6 Rf6 32. Qd7 Qa6 33. e7 Qf1+ 34. Kh2 1-0

[Event "WSCC 65 Open 2017"]
[Site "?"]
[Date "2017.11.09"]
[Round "3"]
[White "Piasetski, Leon"]
[Black "Privara, Igor"]
[Result "1-0"]
[WhiteElo "2269"]
[BlackElo "2184"]
[PlyCount "98"]
[EventDate "2017.??.??"]
[EventType "swiss"]
[EventCountry "ITA"]
[SourceTitle "Acqui Terme"]
[TimeControl "40/5400+30:1800+30"]

1. Nf3 d5 2. g3 Nf6 3. Bg2 c5 4. c4 e6 5. O-O Be7 6. cxd5 exd5 7. d4 Nc6 8. dxc5 Bxc5 9. a3 a6 10. b4 Ba7 11. Nc3 d4 12. Na4 O-O 13. Bb2 Qd6 14. Rc1 Rd8 15. Qc2 Bg4 16. Rfd1 Rac8 17. Nc5 Qe7 18. Qb3 Bxc5 19. Rxc5 Qxe2 20. Re1 Be6 21. Rxe2 Bxb3 22. Nxd4 Nxd4 23. Bxd4 Rxc5 24. bxc5 Rxd4 25. Bxb7 Rd1+ 26. Kg2 Bd5+ 27. Bxd5 Rxd5 28. Rb2 Kf8 29. Rb6 Rxc5 30. Rxa6 Ke7 31. h3 Kd7 32. Rb6 Nd5 33. Rb7+ Rc7 34. Rb3 Rc3 35. Rxc3 Nxc3 36. Kf3 Kd6 37. Kf4 Kd5 38. g4 h6 39. h4 g6 40. h5 Ke6 41. hxg6 fxg6 42. Ke3 g5 43. Kd3 Nd1 44. f3 Kd5 45. Ke2 Nb2 46. Kf2 Kd4 47. Ke2 Ke5 48. Kf2 Kf4 49. Ke2 Ke5 1-0

[Event "WSCC 65 Open 2017"]
[Site "?"]
[Date "2017.11.09"]
[Round "3"]
[White "Gutkin, Boris"]
[Black "Svensson, Soren"]
[Result "1-0"]
[WhiteElo "2250"]
[BlackElo "2009"]
[PlyCount "149"]
[EventDate "2017.??.??"]
[EventType "swiss"]
[EventCountry "ITA"]
[SourceTitle "Acqui Terme"]
[TimeControl "40/5400+30:1800+30"]
[WhiteClock "0:07:50"]
[BlackClock "0:00:44"]

1. d4 {[%emt 0:00:00]} d5 {[%emt 0:00:20]} 2. Nf3 {[%emt 0:00:07]} Nf6 {[%emt 0:00:34]} 3. c4 {[%emt 0:00:26]} e6 {[%emt 0:00:18]} 4. Nc3 {[%emt 0:02:14]} c6 {[%emt 0:00:24]} 5. e3 {[%emt 0:00:51]} Nbd7 {[%emt 0:00:25]} 6. Bd3 {[%emt 0:01:13]} dxc4 {[%emt 0:00:29]} 7. Bxc4 {[%emt 0:00:12]} b5 {[%emt 0:00:20]} 8. Bd3 {[%emt 0:09:00]} a6 {[%emt 0:01:21]} 9. a4 {[%emt 0:05:09]} b4 {[%emt 0:03:42]} 10. Ne4 {[%emt 0:00:29]} Bb7 {[%emt 0:05:34]} 11. b3 {[%emt 0:06:12]} Nxe4 {[%emt 0:05:37]} 12. Bxe4 {[%emt 0:00:12]} Nf6 {[%emt 0:01:27]} 13. Bd3 {[%emt 0:01:03]} c5 {[%emt 0:07:46]} 14. Bb2 {[%emt 0:01:13]} cxd4 {[%emt 0:06:54]} 15. Bxd4 {[%emt 0:06:08]} Bd6 {[%emt 0:05:20]} 16. Qe2 {[%emt 0:09:47]} Qe7 {[%emt 0:04:49]} 17. e4 {[%emt 0:08:03]} e5 {[%emt 0:01:04]} 18. Bb2 {[%emt 0:00:20]} O-O {[%emt 0:01:32]} 19. O-O {[%emt 0:02:53]} Nd7 {[%emt 0:01:43]} 20. Nd2 {[%emt 0:05:58]} Nc5 {[%emt 0:06:06]} 21. Bc4 {[%emt 0:00:21]} Rad8 {[%emt 0:10:12]} 22. Rfd1 {[%emt 0:04:18]} Bb8 {[%emt 0:02:53]} 23. f3 {[%emt 0:05:12]} Rd7 {[%emt 0:01:09]} 24. Nf1 {[%emt 0:04:21]} Rfd8 {[%emt 0:04:31]} 25. Ne3 {[%emt 0:03:33]} Ne6 {[%emt 0:09:23]} 26. Rxd7 {[%emt 0:11:03]} Rxd7 {[%emt 0:00:21]} 27. g3 {[%emt 0:04:25]} Ba7 {[%emt 0:02:47]} 28. Kg2 {[%emt 0:01:24]} Bd4 {[%emt 0:05:18]} 29. Nf5 {[%emt 0:02:38]} Qc5 {[%emt 0:00:59]} 30. Rd1 {[%emt 0:04:20]} Qb6 {[%emt 0:06:57]} 31. Bxe6 {[%emt 0:01:03]} fxe6 {[%emt 0:01:10]} 32. Nxd4 {[%emt 0:00:43]} exd4 {[%emt 0:00:08]} 33. Qc4 {[%emt 0:00:22]} Rc7 {[%emt 0:01:41]} 34. Qxd4 {[%emt 0:00:42]} Qxd4 {[%emt 0:02:19]} 35. Bxd4 {[%emt 0:00:12]} Rd7 {[%emt 0:00:40]} 36. Rd2 {[%emt 0:00:09]} e5 {[%emt 0:01:05]} 37. Bc3 {[%emt 0:00:56]} Rxd2+ {[%emt 0:00:18]} 38. Bxd2 {[%emt 0:00:01]} a5 {[%emt 0:00:10]} 39. Be3 {[%emt 0:00:19]} Bc8 {[%emt 0:00:16]} 40. Bb6 {[%emt 0:00:10]} Be6 {[%emt 0:31:21]} 41. Bxa5 {[%emt 0:30:19]} Bxb3 {[%emt 0:00:00]} 42. Bxb4 {[%emt 0:00:00]} Bxa4 {[%emt 0:00:00]} 43. Bd6 {[%emt 0:00:00]} Kf7 {[%emt 0:00:00]} 44. Bxe5 {[%emt 0:00:00]} h5 {[%emt 0:00:00]} 45. Kf2 {[%emt 0:00:00]} g6 {[%emt 0:00:00]} 46. Ke3 {[%emt 0:00:00]} Ke6 {[%emt 0:00:00]} 47. Bc7 {[%emt 0:00:00]} Bb3 {[%emt 0:00:00]} 48. Kf4 {[%emt 0:00:00]} Bd1 {[%emt 0:00:00]} 49. Bd8 {[%emt 0:00:00]} Be2 {[%emt 0:00:00]} 50. Ba5 {[%emt 0:00:00]} Bd1 {[%emt 0:00:00]} 51. Bc3 {[%emt 0:00:00]} Be2 {[%emt 0:00:00]} 52. Ke3 {[%emt 0:00:00]} Bd1 {[%emt 0:00:00]} 53. h3 {[%emt 0:00:00]} Ba4 {[%emt 0:00:00]} 54. Ba5 {[%emt 0:00:00]} Bb5 {[%emt 0:00:00]} 55. g4 {[%emt 0:00:00]} hxg4 {[%emt 0:00:00]} 56. hxg4 {[%emt 0:00:00]} Ba4 {[%emt 0:00:00]} 57. f4 {[%emt 0:00:00]} Bd1 {[%emt 0:00:00]} 58. f5+ {[%emt 0:00:00]} gxf5 {[%emt 0:00:00]} 59. gxf5+ {[%emt 0:00:00]} Kf7 {[%emt 0:00:00]} 60. Kf4 {[%emt 0:00:00]} Bc2 {[%emt 0:00:29]} 61. Bc3 {[%emt 0:00:00]} Bd3 {[%emt 0:00:34]} 62. e5 {[%emt 0:00:00]} Bc4 {[%emt 0:01:08]} 63. Ke4 {[%emt 0:00:00]} Bb3 {[%emt 0:00:28]} 64. Ke3 {[%emt 0:00:00]} Ba2 {[%emt 0:03:11]} 65. Be1 {[%emt 0:06:15]} Bb3 {[%emt 0:04:04]} 66. Bh4 {[%emt 0:00:10]} Bc4 {[%emt 0:00:50]} 67. Kd4 {[%emt 0:00:13]} Bb3 {[%emt 0:00:16]} 68. Kc5 {[%emt 0:00:13]} Ke8 {[%emt 0:01:49]} 69. Kd6 {[%emt 0:00:30]} Bf7 {[%emt 0:01:25]} 70. Bg5 {[%emt 0:00:16]} Bh5 {[%emt 0:00:28]} 71. e6 {[%emt 0:02:51]} Bg4 {[%emt 0:00:34]} 72. f6 {[%emt 0:00:10]} Bh5 {[%emt 0:00:08]} 73. Bh6 {[%emt 0:00:20]} Bg6 {[%emt 0:00:09]} 74. Ke5 {[%emt 0:00:11]} Bh5 {[%emt 0:01:50]} 75. Ke4 1-0

[Event "WSCC 65 Open 2017"]
[Site "?"]
[Date "2017.11.09"]
[Round "3"]
[White "Goldsmith, Alan D"]
[Black "Sveshnikov, Evgeny"]
[Result "0-1"]
[WhiteElo "2227"]
[BlackElo "2480"]
[Annotator "TA"]
[PlyCount "58"]
[EventDate "2017.??.??"]
[EventType "swiss"]
[EventCountry "ITA"]
[SourceTitle "Acqui Terme"]

{[%evp 9,58,-58,-45,-28,-9,-30,-11,-29,-36,-42,-20,-18,-19,-88,-87,-151,-133,-129,-108,-143,-134,-139,-147,-162,-155,-167,-152,-220,-206,-212,-187,-266,-256,-264,-256,-456,-420,-429,-368,-652,-651,-655,-647,-637,-575,-541,-509,-1268,-1288,-1746,-1721]} 1. e4 c5 2. b4 cxb4 3. a3 bxa3 4. Bxa3 (4. Nf3 g6 5. Bc4 Bg7 6. Rxa3 Nc6 7. O-O d6 8. d4 Nf6 9. Qe2 Bg4 10. Bb2 O-O 11. Nbd2 d5 12. exd5 Nxd5 {0-1 (38) Hug,W (2453)-Anand,V (2788) Zuerich 2009}) 4... d6 5. f4 Nf6 6. Nc3 {B20: Sicilian: Unusual White 2nd moves} e6 $146 ({Predecessor:} 6... g6 7. d4 Bg7 8. e5 dxe5 9. dxe5 Qxd1+ 10. Rxd1 Nh5 11. Nd5 O-O {0-1 (55) Franco,J (1658)-Zuleta,J (1927) Cali 2017}) 7. Nf3 Be7 8. e5 {The position is equal.} dxe5 9. fxe5 Nd5 10. Ne4 O-O 11. Bc4 (11. c4 $11 {remains equal.}) 11... Nc6 12. O-O (12. Bxe7 $142 Ncxe7 13. c3) 12... b5 13. Bxe7 Ndxe7 14. Bd3 {[#]} Nxe5 $1 {[%mdl 512]} 15. Nxe5 Qd4+ 16. Kh1 {Threatens to win with Ng5.} Qxe5 17. Qf3 Bd7 18. Qh3 (18. Ra6 $17) 18... f5 $19 {[%cal Bf7f5,Bf5g4][%mdl 32]} 19. Ng5 {[%csl Gg5][%cal Rh3h7] [#]} h6 20. Rae1 (20. Nf3 $142 Qd5 21. Rae1) 20... Qd6 21. Nf3 Ng6 22. g4 $2 (22. Qg3 {was necessary.} Nf4 23. c3) 22... Nf4 23. Qg3 fxg4 24. Ng1 $2 (24. Ne5 Nxd3 25. Rxf8+ Rxf8 26. Qxd3 Bc6+ 27. Kg1) 24... e5 {[%cal Be6e5,Be5f4][%mdl 32] Black is clearly winning.} 25. Be4 Rac8 26. h3 Qxd2 27. Rd1 Qb4 28. c4 (28. Qb3+ $142 Qxb3 29. cxb3) 28... Qxc4 29. Rxf4 exf4 {Precision: White = 39%, Black = 84%.} 0-1